00811nam a2200181 a 450000100100000000500170001000800410002704000250006808200210009310000320011424500880014625000110023426000780024530000210032359000760034495201920042099900170061200003476020200930073903.0111019s1946 dr 000 0 spa d aDO-SdBNPbspacBNPHU axxxbP371i, 19461 aPedreira, Antonio S.92354310aInsularismo :bEnsayos de interpretación puertorriqueña /cAntonio S. Pedreira. a3a ed. aSan Juan, Puerto Rico :bBibliotecas de Autores Puertorriqueños,c1946. a211 p. ;c20 cm. aPerteneció a la biblioteca personal de Juan Isidro Jimenes Grullón. 001050718RVaGRbGRcCTd2011-10-19iLF1l0oxxx P371i, 1946p34760-10r2020-06-25w2020-06-25y1zPerteneció a la biblioteca personal de Juan Isidro Jimenes- GrullónZNo se presta c34251d34251